[Event "NED-ch U13"]
[Site "Rijswijk"]
[Date "2007.05.19"]
[Round "8"]
[White "Van der Poel, Peter Alexander"]
[Black "Epifanov, Mikhail"]
[Result "1-0"]
[WhiteElo "1381"]
[BlackElo "1242"]
[PlyCount "53"]
[EventDate "2007.05.17"]
[EventType "swiss"]
[EventRounds "9"]
[EventCountry "NED"]
[SourceTitle "EXT 2009"]
[Source "ChessBase"]
[SourceDate "2008.11.26"]
[SourceVersion "1"]
[SourceVersionDate "2008.11.26"]
[SourceQuality "1"]

1. e4 e5 2. Nf3 Nc6 3. Nc3 Nf6 4. Bb5 d6 5. 0-0 Bd7 6. d4 exd4 7. Nxd4 Nxd4 8. Bxd7+ Qxd7 9. Qxd4 Be7 10. Bg5 h6 11. Bh4 0-0 12. Rfe1 Rfd8 13. Rad1 c5 14. Qd3 Qc7 15. Bxf6 Bxf6 16. Nd5 Qa5 17. Nxf6+ gxf6 18. Qg3+ Kf8 19. Qb3 b6 20. a3 Rd7 21. Qf3 Rad8 22. c3 Qb5 23. b4 Qa4 24. Ra1 d5 25. exd5 Rxd5 26. Qxf6 Rd1 27. Qh8# 1-0

[Event "NED-ch U13"]
[Site "Rijswijk"]
[Date "2007.05.18"]
[Round "5"]
[White "Epifanov, Mikhail"]
[Black "Evengroen, Bernard"]
[Result "1-0"]
[WhiteElo "1242"]
[BlackElo "1364"]
[PlyCount "65"]
[EventDate "2007.05.17"]
[EventType "swiss"]
[EventRounds "9"]
[EventCountry "NED"]
[SourceTitle "EXT 2009"]
[Source "ChessBase"]
[SourceDate "2008.11.26"]
[SourceVersion "1"]
[SourceVersionDate "2008.11.26"]
[SourceQuality "1"]

1. d4 f5 2. Nf3 Nf6 3. Bg5 b6 4. Bxf6 gxf6 5. e3 Bb7 6. Bd3 Be4 7. Nfd2 d5 8. f3 Bxd3 9. cxd3 Nc6 10. Qa4 Qd7 11. Nc3 0-0-0 12. b4 e5 13. dxe5 fxe5 14. 0-0 Rg8 15. b5 Nb4 16. Qxa7 c5 17. Qa8+ Kc7 18. Qa7+ Kd6 19. Qxb6+ Ke7 20. Qxc5+ Ke8 21. Qb6 Rc8 22. Na4 Qg7 23. Qe6+ Kd8 24. Rf2 h5 25. Qxf5 h4 26. Qh3 Bd6 27. Qxh4+ Kc7 28. Rc1+ Kb8 29. Rxc8+ Rxc8 30. g4 Nxd3 31. Rg2 Rc2 32. Nf1 Rc1 33. Qd8+ 1-0

[Event "NED-ch U13"]
[Site "Rijswijk"]
[Date "2007.05.17"]
[Round "2"]
[White "Suilen, Willem"]
[Black "Epifanov, Mikhail"]
[Result "0-1"]
[WhiteElo "1397"]
[BlackElo "1242"]
[PlyCount "108"]
[EventDate "2007.05.17"]
[EventType "swiss"]
[EventRounds "9"]
[EventCountry "NED"]
[SourceTitle "EXT 2009"]
[Source "ChessBase"]
[SourceDate "2008.11.26"]
[SourceVersion "1"]
[SourceVersionDate "2008.11.26"]
[SourceQuality "1"]

1. e4 e5 2. Nf3 Nc6 3. Bb5 d6 4. d4 Bd7 5. Bxc6 Bxc6 6. dxe5 f6 7. exd6 Bxd6 8. Nc3 Ne7 9. 0-0 Ng6 10. Be3 Qe7 11. Re1 b6 12. Qd2 0-0-0 13. Nd5 Bxd5 14. exd5 Ne5 15. Nxe5 Qxe5 16. g3 Rde8 17. Bxb6 Qxb2 18. Rxe8+ Rxe8 19. Bxa7 Qxa1+ 20. Kg2 Qxa2 21. Be3 Re5 22. Kh3 Rxd5 23. Qc3 Qa3 24. Qc4 Qa5 25. Qg4+ Kb7 26. Qxg7 Bc5 27. Bf4 Bd6 28. Be3 Re5 29. Qxf6 Kc6 30. Qf3+ Qd5 31. Qxd5+ Kxd5 32. c3 Bc5 33. Bf4 Re7 34. f3 Bd6 35. Bxd6 cxd6 36. Kg4 Kc4 37. f4 Kxc3 38. f5 d5 39. f6 Rf7 40. Kf5 Rxf6+ 41. Kxf6 d4 42. Kg7 d3 43. Kxh7 d2 44. h4 d1Q 45. Kh6 Kd4 46. Kg5 Ke5 47. g4 Qd2+ 48. Kh5 Qd4 49. Kg5 Qf4+ 50. Kh5 Qf7+ 51. Kh6 Qg8 52. Kh5 Kf6 53. g5+ Kf5 54. Kh6 Qg6# 0-1